00956nab a22002177a 4500999001500000003000400015005001700019008004100036040000700077100003400084245013800118300001500256500003600271505016300307650002800470650001900498650001800517650003500535773015500570942001300725 c5744d5744OSt20260101204021.0190514b xxu||||| |||| 00| 0 spa d cPJ 96662aNarda, Karina del Valle10aAlimentos a cargo de abuela paterna : bvulnerabilidades afectadas y enfrentadas. Soluciones salomónicas /cKarina del Valle Narda. ap. 115-119 aCita: TR LALEY AR/DOC/450/2025. aFallo comentado: Juz. Fam. y Pen. de Niños, Niñas y Adol., Federal, Entre Ríos ~ 16/08/2024 ~ R. R. c. V. A. C. s/ incidente aumento cuota alimentaria. 09967aDERECHO DE FAMILIA 09968aALIMENTOS 093829aABUELOS 091057aJURISPRUDENCIA APLICABLE0 0284493222dBuenos Aires : AbeledoPerrot, 1989-tDerecho de familia. Revista Interdisciplinaria de doctrina y jurisprudencia. Abril 2025-II.z18511201 2udccANA